Normal view
MARC view
- Supervisor: Dr. Muahmmad Ammad Khan
Entry Personal Name
001 - CONTROL NUMBER
- control field: 125305
003 - CONTROL NUMBER IDENTIFIER
- control field: NUST
005 - DATE AND TIME OF LATEST TRANSACTION
- control field: 20240823110807.0
008 - FIXED-LENGTH DATA ELEMENTS
- fixed length control field: 240823|| aca||aabn | a|a d
040 ## - CATALOGING SOURCE
- Original cataloging agency: NUST
- Transcribing agency: NUST
100 ## - HEADING--PERSONAL NAME
- Personal name: Supervisor: Dr. Muahmmad Ammad Khan
670 ## - SOURCE DATA FOUND
- Source citation: Work cat.: (NUST): Jamshaid, Zoha 125304, CHALLENGES FACED BY TRANSGENDERS REGARDING SEXUAL AND REPRODUCTIVE HEALTH SERVICES DURING COVID-19 IN PAKISTAN/
